00315nam a2200121Ia 4500008004100000082001700041100002600058245005300084250001200137260002800149300000800177650000800185191201s2009 xx 000 0 und d a381.410bKRC aKRISHNAMACHARYULU,CSG 0aCases in Rural Marketing: An Integrated Approach a2nd IMP aN. DelhibPearsonc2009 a264 aBBA